UBT Library

Webster's New World compact school and office dictionary / (Record no. 40667)

000 -LEADER
fixed length control field 00703cam a2200217 a 4500
001 - CONTROL NUMBER
control field 2544105
005 - DATE AND TIME OF LATEST TRANSACTION
control field 20180122074312.0
008 - FIXED-LENGTH DATA ELEMENTS--GENERAL INFORMATION
fixed length control field 941212s1995 ohu d 000 0 eng
010 ## - LIBRARY OF CONGRESS CONTROL NUMBER
LC control number 94046931
020 ## - INTERNATIONAL STANDARD BOOK NUMBER
International Standard Book Number 0028603117
040 ## - CATALOGING SOURCE
Original cataloging agency DLC
Transcribing agency DLC
Modifying agency DLC
041 ## - LANGUAGE CODE
Language code of text/sound track or separate title eng
080 ## - UNIVERSAL DECIMAL CLASSIFICATION NUMBER
Universal Decimal Classification number 423 VIC
082 00 - DEWEY DECIMAL CLASSIFICATION NUMBER
Classification number 423 VIC
Edition number 20
100 ## - Rafti
Rafti 22
101 ## - Shkurtesa
Shkurtesa FJA
245 00 - TITLE STATEMENT
Title Webster's New World compact school and office dictionary /
Statement of responsibility, etc Victoria Neufeldt, editor in chief, Andrew N. Sparks, project editor.
906 ## - LOCAL DATA ELEMENT F, LDF (RLIN)
a 7
b cbc
c orignew
d 1
e ocip
f 19
g y-gencatlg
942 ## - ADDED ENTRY ELEMENTS (KOHA)
Source of classification or shelving scheme
Item type Books
Holdings
Withdrawn status Lost status Source of classification or shelving scheme Damaged status Not for loan Collection code Permanent location Current location Shelving location Date acquired Total Checkouts Full call number Barcode Date last seen Price effective from Koha item type
          Koleksioni i përgjithshem UBT - Lipjan UBT - Lipjan Koleksioni i përgjithshem 01/22/2018   423 VIC 002-2996058 01/22/2018 01/22/2018 Books
UBT Library © 2015-2024. All rights reserved University Education for Business and Technology